What professions did Johnny Sins perform ? - Statistics

General Stats
  • This quiz has been taken 192 times
  • The average score is 5 of 12
Answers on the Grid
Answers color-coded by a green-red scale on the quiz's grid according to % correct below.
Astronaut
Baker
Barman
Dairyman
DJ
Doctor
Engineer
Farmer
Firefighter
Hot dog vendor
Karate Master
Lifeguard
Mover
Office worker
Pizza delivery guy
Plumber
Police
Preacher
School teacher
Soldier
 
Answer Stats
Answer % Correct
Astronaut
84%
Doctor
69%
Plumber
52%
School teacher
48%
Firefighter
47%
Police
45%
Pizza delivery guy
43%
Soldier
27%
Engineer
26%
Office worker
19%
Preacher
13%
Karate Master
9%
No matching quizzes found
Score Distribution
Percent of People with Each Score
Percentile by Number Answered
Your Score History
You have not taken this quiz